=LDR 00000nam 2200000 4500 =001 INLIS000000000019278 =005 20130612114348 =008 ***********************************Ind** =035 ##$$0010-061300000019278 =041 ##$$a Ind =082 ##$$a 2x3.1 =090 ##$$a 2x3.1, Qar j =100 ##$$a Al-Qarni, Aidh Bin Abdullah =245 ##$$a Jangan takut, jagalah Allah, Allah akan menjaga anda, Dr. Aidh Bin Abdullah Al-Qarni, diterjemahkan, H. Saraedi M. HSB =260 ##$$a 2005 $b Jakarta =300 ##$$a 576 hlm, 22 cm =650 ##$$a Allah =700 ##$$a Sarwedi M =850 ##$$a NBPNMAT